书目信息 |
| 题名: |
实验心理学
|
|
| 作者: | 朱滢 主编 | |
| 分册: | ||
| 出版信息: | 北京 北京大学出版社 2000.07 |
|
| 页数: | 627页 | |
| 开本: | 20cm | |
| 丛书名: | 北京大学心理学丛书 | |
| 单 册: | ||
| 中图分类: | B84 | |
| 科图分类: | ||
| 主题词: | 实验心理学 | |
| 电子资源: | ||
| ISBN: | 7-301-04523-9 | |
| 000 | 01003nam0 2200361 450 | |
| 000 | 01448nam0 2200481 450 | |
| 000 | 01411nam0 2200469 450 | |
| 000 | 01370nam0 2200457 450 | |
| 000 | 01333nam0 2200445 450 | |
| 000 | 00866nam0 2200313 450 | |
| 000 | 00829nam0 2200301 450 | |
| 000 | 00786nam0 2200289 450 | |
| 000 | 00747nam0 2200277 450 | |
| 000 | 00710nam2 2200265 45 | |
| 001 | 012000042038 | |
| 005 | 20050914164846.30 | |
| 009 | 012000042038 | |
| 010 | @a7-301-04523-9@dCNY 32.00 | |
| 035 | @a(011001)c2000019277 | |
| 100 | @a20000921d2000 em y0chiy0120 ea | |
| 101 | 0 | @achi |
| 102 | @aCN@b110000 | |
| 105 | @af z 000yy | |
| 200 | 1 | @a实验心理学@Ashi yan xin li xue@f朱滢主编 |
| 210 | @a北京@c北京大学出版社@d2000.07 | |
| 215 | @a627页@c图@d20cm | |
| 225 | 2 | @a北京大学心理学丛书 |
| 410 | 0 | @12001 @a北京大学心理学丛书 |
| 606 | @a实验心理学 | |
| 690 | @aB84@v4 | |
| 701 | 0 | @a朱滢@Azhu ying@4主编 |
| 801 | 0 | @c20050914 |
| 905 | @a10447@dB84@eZ892 | |
| 实验心理学/朱滢主编.-北京:北京大学出版社,2000.07 |
| 627页:图;20cm.-(北京大学心理学丛书) |
| ISBN 7-301-04523-9:CNY 32.00 |
| ● |
| 相关链接 |
|
|
|
正题名:实验心理学
索取号:B84/Z892
 
预约/预借
| 序号 | 登录号 | 条形码 | 馆藏地/架位号 | 状态 | 备注 |
| 1 | 550895 | 205508958 | 社科库509/509社科库 34排4列2层/ [索取号:B84/Z892] | 在馆 | |
| 2 | 550896 | 205508967 | 社科库509/509社科库 34排4列2层/ [索取号:B84/Z892] | 在馆 | |
| 3 | 550897 | 205508976 | 社科库509/509社科库 34排4列2层/ [索取号:B84/Z892] | 在馆 |